[Event "Petroupoli op 2nd"]
[Site "Petroupoli"]
[Date "2007.05.26"]
[Round "5"]
[White "Mavroudis, Dionisios"]
[Black "Drakos, Hristos"]
[Result "0-1"]
[WhiteElo "1867"]
[BlackElo "1295"]
[PlyCount "86"]
[EventDate "2007.05.12"]
[EventType "swiss"]
[EventRounds "7"]
[EventCountry "GRE"]
[SourceTitle "EXT 2008"]
[Source "ChessBase"]
[SourceDate "2007.11.25"]
[SourceVersion "1"]
[SourceVersionDate "2007.11.25"]
[SourceQuality "1"]

1. e4 e6 2. d4 d5 3. e5 c5 4. Nf3 cxd4 5. Nxd4 Qc7 6. f4 Bd7 7. a3 Bc5 8. Nc3 Qb6 9. Nce2 Ne7 10. b4 Bxd4 11. Nxd4 Nbc6 12. Nb3 0-0 13. Nc5 Qc7 14. Bd3 b6 15. Na6 Qc8 16. 0-0 Nd4 17. Bb2 Nef5 18. c3 Ne3 19. Qd2 Nxf1 20. Rxf1 Nb5 21. a4 Qxa6 22. Ra1 Qb7 23. axb5 Rfd8 24. Qc2 Rac8 25. Qe2 Be8 26. h4 Qe7 27. g3 d4 28. Qe4 g6 29. cxd4 Qxb4 30. Qe2 Rxd4 31. Rb1 Rd5 32. Ba1 Qc5+ 33. Kh2 Qa3 34. Bc4 Rdc5 35. Bb2 Qb4 36. Bd3 Bxb5 37. Kh3 Bxd3 38. Qxd3 Rd5 39. Qf1 Qe4 40. Re1 Qf5+ 41. Kh2 Rd2+ 42. Re2 Rxe2+ 43. Qxe2 Rc2 0-1